Central Library OPAC University of Rajshahi

আমাদের সাহিত্য / (Record no. 53569)

MARC details
000 -LEADER
fixed length control field 00881nam a2200229 a 4500
001 - CONTROL NUMBER
control field 53569
003 - CONTROL NUMBER IDENTIFIER
rucl marc code BD-RjUL
005 - DATE AND TIME OF LATEST TRANSACTION
control field 20211209080002.0
008 - FIXED-LENGTH DATA ELEMENTS--GENERAL INFORMATION
fixed length control field 161018s1940 ii ||||| |||| 00| 0 ben d
020 ## - INTERNATIONAL STANDARD BOOK NUMBER
Terms of availability : IRs 1.50
035 ## - SYSTEM CONTROL NUMBER
System control number (BD-RjUL)53691
040 ## - CATALOGING SOURCE
Original cataloging agency BD-RjUL
Language of cataloging ben
Transcribing agency BD-RjUL
041 ## - LANGUAGE CODE
Language code of text/sound track or separate title ben
082 ## - DEWEY DECIMAL CLASSIFICATION NUMBER
Edition number 23
Classification number 891.4409
Author mark and year SEA 1940
100 ## - MAIN ENTRY--PERSONAL NAME
Personal name সেন, প্রিয়রঞ্জন
9 (RLIN) 160089
245 10 - TITLE STATEMENT
Title আমাদের সাহিত্য /
Statement of responsibility, etc. প্রিয়রঞ্জন সেন
260 ## - PUBLICATION, DISTRIBUTION, ETC. (IMPRINT)
Place of publication, distribution, etc. কলিকাতা :
Name of publisher, distributor, etc. ভারতী-ভবন,
Date of publication, distribution, etc. ১৯৪০ [১৩৪৭]
300 ## - PHYSICAL DESCRIPTION
Pagination [৮], ১৯৯ পৃ. ;
Size ১৭ সেমি.
650 ## - SUBJECT ADDED ENTRY--TOPICAL TERM
Topical term or geographic name as entry element বাংলা সাহিত্য
General subdivision ইতিহাস ও সমালোচনা
9 (RLIN) 160090
Topical term or geographic name as entry element Bengali Literature
General subdivision History & Criticism
9 (RLIN) 160091
942 ## - ADDED ENTRY ELEMENTS (KOHA)
Source of classification or shelving scheme Dewey Decimal Classification
Koha item type Rare Books
Holdings
Lost status Source of classification or shelving scheme Damaged status Not for loan Collection code Permanent Location Current Location Shelving location Date acquired Source of acquisition Total Checkouts Full call number Date last seen Copy number Koha item type
  Dewey Decimal Classification   Not For Loan Rare Books Central Library, University of Rajshahi Central Library, University of Rajshahi Rare Book Section 05/11/1956 Puthia Raj Estate   BRA 891.4409 SEA 1940 18/10/2016 C-1 Rare Books